000 00965nam a22003137a 4500
001 8344
003 FISKH
005 20250909163934.0
008 250909b cb ||||| |||| 00| 0 eng d
020 _a0531044432
040 _aFISKH
_beng
_cFISKH
_dFISKH
050 _a A752
082 _a331.7
100 _aArnold, Caroline
245 _aWho works here ? /
_cBy Caroline Arnold : Protographs by Carole Bertol
260 _aNew York :
_bFranklin Watts ,
_c1982.
300 _a32 pages :
_billustrations ;
_c26 cm .
490 _aEasy-Read Community Books
505 _aJ
520 _aTexts and photographs describe how diverse jobs add to the vitality of a community
521 8 _a500
_bLexile estimate
521 8 _aJ
_bRaz-Plus
650 _aOccupations
_vJuvenile Literature
650 _aCommunity Life
650 _aCommunity Service
700 _aBertol, Carole
_ePhotographer
942 _2ddc
_cBK
_n0
999 _c8344
_d8344